[Event "Sao Paulo op-A 2nd"]
[Site "Sao Paulo"]
[Date "2015.02.07"]
[Round "4"]
[White "Vizzotto, Bernardo"]
[Black "Bueno, Alfeu Varela Jr"]
[Result "1-0"]
[WhiteElo "2007"]
[BlackElo "2232"]
[PlyCount "65"]
[EventDate "2015.02.05"]
[EventType "swiss"]
[EventRounds "6"]
[EventCountry "BRA"]
[SourceTitle "CBM 164 Extra"]
[Source "ChessBase"]
[SourceDate "2015.03.02"]
[SourceVersion "1"]
[SourceVersionDate "2015.03.02"]
[SourceQuality "1"]

1. d4 e6 2. c4 f5 3. g3 Nf6 4. Bg2 d5 5. Nf3 c6 6. 0-0 Bd6 7. b3 Qe7 8. a4 b6 9. Ba3 c5 10. Nc3 Ne4 11. Nb5 Bb7 12. Nd2 0-0 13. Nxe4 fxe4 14. Nxd6 Qxd6 15. dxc5 bxc5 16. Bxe4 Na6 17. Qd3 h6 18. Rfd1 Rad8 19. Bg2 Qb6 20. cxd5 exd5 21. Rac1 Kh8 22. Qc2 Qe6 23. Rd2 Rf7 24. Qd1 Rc7 25. e3 Qf7 26. Rdc2 Rdc8 27. Qd2 Qe6 28. h4 Qb6 29. Bxd5 Rd8 30. e4 Bxd5 31. exd5 Qxb3 32. Bb2 Qxd5 33. Qxh6+ 1-0

[Event "Sao Paulo op-A 2nd"]
[Site "Sao Paulo"]
[Date "2015.02.06"]
[Round "2"]
[White "Vizzotto, Bernardo"]
[Black "Rodrigues, Leonardo De Miranda"]
[Result "1/2-1/2"]
[WhiteElo "2007"]
[BlackElo "2133"]
[PlyCount "125"]
[EventDate "2015.02.05"]
[EventType "swiss"]
[EventRounds "6"]
[EventCountry "BRA"]
[SourceTitle "CBM 164 Extra"]
[Source "ChessBase"]
[SourceDate "2015.03.02"]
[SourceVersion "1"]
[SourceVersionDate "2015.03.02"]
[SourceQuality "1"]

1. d4 Nf6 2. c4 g6 3. Nc3 Bg7 4. Nf3 c5 5. d5 d6 6. Bf4 Nh5 7. Bd2 f5 8. g3 0-0 9. Bg2 Nd7 10. 0-0 Ne5 11. Qb3 f4 12. Nxe5 Bxe5 13. Ne4 e6 14. dxe6 Bxe6 15. Bc3 Qe7 16. Nxc5 Bf7 17. Bxe5 dxe5 18. Nxb7 Rab8 19. Qb5 e4 20. Qc6 Rxb7 21. b3 Re8 22. Rad1 Rb6 23. Qa4 fxg3 24. hxg3 Nf6 25. Qa5 Rc8 26. Rd4 e3 27. f4 Rc5 28. Qc3 a5 29. Rfd1 Rb8 30. Rd6 Nh5 31. Rd7 Nxg3 32. Qd3 Qe8 33. Qd6 Nxe2+ 34. Kf1 Ng3+ 35. Ke1 Rbc8 36. Bb7 Ne4 37. Qd4 Nd2 38. Ke2 Rb8 39. Rd6 Rh5 40. Bc6 Rh2+ 41. Kd3 Qc8 42. Bd7 Qc7 43. Kxe3 Nxb3 44. axb3 Rxb3+ 45. Rd3 Rbb2 46. Bg4 Qe7+ 47. Qe5 Qxe5+ 48. fxe5 h5 49. Bf3 Bxc4 50. Rc3 Rb3 51. Rxg6+ Kf7 52. Rf6+ Ke7 53. Rxb3 Bxb3 54. Kf4 a4 55. Ra6 Rf2 56. Kg3 Rf1 57. Bxh5 Rf5 58. Ra7+ Kd8 59. Ra8+ Kc7 60. e6 Rxh5 61. e7 Bf7 62. Rxa4 Kd7 63. Re4 1/2-1/2

[Event "Sao Bernardo do Campo op"]
[Site "Sao Bernardo do Campo"]
[Date "2013.06.30"]
[Round "6"]
[White "Aragao Neto, Joao Batista"]
[Black "Vizzotto, Bernardo"]
[Result "0-1"]
[WhiteElo "1786"]
[BlackElo "2005"]
[PlyCount "74"]
[EventDate "2013.06.28"]
[EventType "swiss"]
[EventRounds "6"]
[EventCountry "BRA"]
[SourceTitle "EXT 2014"]
[Source "ChessBase"]
[SourceDate "2013.11.20"]
[SourceVersion "1"]
[SourceVersionDate "2013.11.20"]
[SourceQuality "1"]

1. e4 c5 2. Nf3 e6 3. d4 cxd4 4. Nxd4 Nf6 5. Nc3 d6 6. Be2 Be7 7. 0-0 a6 8. Bg5 h6 9. Be3 0-0 10. f4 Nc6 11. Qe1 Qc7 12. Qg3 Kh8 13. Bf3 Bd7 14. Rae1 b5 15. e5 dxe5 16. fxe5 Nh7 17. Be4 Bg5 18. Nf3 Bxe3+ 19. Rxe3 b4 20. Ne2 Qa7 21. Qf2 Rac8 22. h4 f5 23. Bd3 Rfd8 24. Nf4 Ne7 25. Ree1 Qb7 26. Kh1 Nf8 27. Qe2 Bb5 28. Rd1 Nd5 29. Nxd5 Rxd5 30. Rd2 Rxc2 31. Rxc2 Bxd3 32. Qf2 Bxc2 33. Qxc2 Ng6 34. Qe2 Qc7 35. Qe1 Qc4 36. Qf2 Qf4 37. Qe1 Rc5 0-1

[Event "FENAJ-ch U18"]
[Site "Brazil"]
[Date "2013.05.31"]
[Round "2"]
[White "Vizzotto, Bernardo"]
[Black "Supi, Luis Paulo"]
[Result "1/2-1/2"]
[WhiteElo "2005"]
[BlackElo "2321"]
[PlyCount "72"]
[EventDate "2013.05.30"]
[EventType "swiss"]
[EventRounds "6"]
[EventCountry "BRA"]
[SourceTitle "EXT 2015"]
[Source "ChessBase"]
[SourceDate "2014.11.20"]
[SourceVersion "1"]
[SourceVersionDate "2014.11.20"]
[SourceQuality "1"]

1. d4 Nf6 2. c4 g6 3. Nc3 Bg7 4. Bf4 0-0 5. e3 c5 6. d5 d6 7. Nf3 Qb6 8. Rb1 e5 9. Bg3 Bf5 10. Rc1 Qxb2 11. Nd2 Qb6 12. Bh4 Bg4 13. f3 Bd7 14. g4 Na6 15. Bxf6 Bxf6 16. h4 Kg7 17. Nde4 Be7 18. Rb1 Qd8 19. g5 Rb8 20. Bh3 Rh8 21. Bxd7 Qxd7 22. Qe2 h6 23. Kd2 Rh7 24. h5 Rbh8 25. hxg6 fxg6 26. f4 exf4 27. exf4 hxg5 28. Rxh7+ Rxh7 29. Nxg5 Bxg5 30. fxg5 Kh8 31. Rf1 Qe7 32. Qxe7 Rxe7 33. Rf6 Kg7 34. Rxd6 Nb8 35. Ne2 Rf7 36. Ke3 Re7+ 1/2-1/2

[Event "Paulista-ch"]
[Site "Americana"]
[Date "2012.12.09"]
[Round "6"]
[White "Van Riemsdijk, Herman Claudius"]
[Black "Vizzotto, Bernardo"]
[Result "1-0"]
[WhiteElo "2371"]
[BlackElo "1981"]
[PlyCount "93"]
[EventDate "2012.12.07"]
[EventType "swiss"]
[EventRounds "6"]
[EventCountry "BRA"]
[SourceTitle "EXT 2014"]
[Source "ChessBase"]
[SourceDate "2013.11.20"]
[SourceVersion "1"]
[SourceVersionDate "2013.11.20"]
[SourceQuality "1"]

1. e4 e6 2. d4 d5 3. Nc3 dxe4 4. Nxe4 Bd7 5. Nf3 Bc6 6. Bd3 Bxe4 7. Bxe4 c6 8. 0-0 Nf6 9. Bd3 g6 10. c3 Bg7 11. Qb3 Qb6 12. Bf4 0-0 13. Qxb6 axb6 14. a4 Nd5 15. Bg3 Rd8 16. Bc2 Nd7 17. Bb3 N5f6 18. Bh4 Ra5 19. Nd2 Rda8 20. Nc4 R5a7 21. Rad1 Nd5 22. Rfe1 Bf6 23. Bg3 Ne7 24. f3 Bg7 25. Re2 Bh6 26. Nd6 Nf8 27. Bf2 Rd8 28. Nc4 Nd5 29. g3 Raa8 30. Ne5 b5 31. axb5 cxb5 32. Nd3 Bg7 33. Nc5 b6 34. Nd3 Nd7 35. g4 Re8 36. Bxd5 exd5 37. Rxe8+ Rxe8 38. Nf4 Bh6 39. Nxd5 Re2 40. Rb1 f5 41. Kf1 Rd2 42. gxf5 gxf5 43. Re1 Rxb2 44. Re7 Nf8 45. Rb7 Bg5 46. f4 Bd8 47. Rb8 1-0

[Event "Paulista-ch"]
[Site "Americana"]
[Date "2012.12.08"]
[Round "3"]
[White "Vizzotto, Bernardo"]
[Black "Proudian, Armen"]
[Result "0-1"]
[WhiteElo "1981"]
[BlackElo "2270"]
[PlyCount "62"]
[EventDate "2012.12.07"]
[EventType "swiss"]
[EventRounds "6"]
[EventCountry "BRA"]
[SourceTitle "CBM 152 Extra"]
[Source "ChessBase"]
[SourceDate "2013.02.25"]
[SourceVersion "1"]
[SourceVersionDate "2013.02.25"]
[SourceQuality "1"]

1. Nf3 Nf6 2. g3 e6 3. Bg2 b5 4. Nd4 c6 5. d3 Qb6 6. Nb3 d5 7. 0-0 Bd6 8. e4 h5 9. Be3 Qc7 10. h3 Nbd7 11. a3 Nf8 12. Nc3 h4 13. g4 Ng6 14. exd5 exd5 15. Bg5 Nh7 16. Bd2 0-0 17. Nd4 Bd7 18. Qc1 f5 19. gxf5 Bxf5 20. Nxd5 cxd5 21. Bxd5+ Kh8 22. Nxf5 Rxf5 23. Bxa8 Bc5 24. Be3 Ng5 25. Kg2 Qc8 26. Be4 Rf3 27. Rh1 Bxe3 28. fxe3 Rg3+ 29. Kf2 Qf8+ 30. Ke2 Nxe4 31. dxe4 Rg2+ 0-1

[Event "Paulista-ch"]
[Site "Americana"]
[Date "2012.12.07"]
[Round "1"]
[White "Spilleir, Davi de Pinho"]
[Black "Vizzotto, Bernardo"]
[Result "0-1"]
[WhiteElo "1766"]
[BlackElo "1981"]
[PlyCount "84"]
[EventDate "2012.12.07"]
[EventType "swiss"]
[EventRounds "6"]
[EventCountry "BRA"]
[SourceTitle "CBM 152 Extra"]
[Source "ChessBase"]
[SourceDate "2013.02.25"]
[SourceVersion "1"]
[SourceVersionDate "2013.02.25"]
[SourceQuality "1"]

1. e4 c5 2. Nf3 e6 3. d4 cxd4 4. Nxd4 Nf6 5. Nc3 d6 6. Be3 Be7 7. f3 a6 8. Qd2 b5 9. 0-0-0 b4 10. Nce2 d5 11. e5 Nbd7 12. f4 Nc5 13. Nb3 Nce4 14. Qd3 a5 15. Ng3 Ba6 16. c4 bxc3 17. Qc2 cxb2+ 18. Kxb2 Nxg3 19. hxg3 Bxf1 20. Rhxf1 Nd7 21. Rc1 a4 22. Nd4 Qb6+ 23. Ka1 Bc5 24. Rfd1 0-0 25. Rb1 Qa6 26. Qd3 Qa7 27. Nb5 Qa5 28. Nd4 Rfc8 29. Rb5 Qa6 30. Rbb1 Qa7 31. Nb5 Qa5 32. Nd4 Bb4 33. Rdc1 Bc3+ 34. Rxc3 Qxc3+ 35. Qxc3 Rxc3 36. Bf2 Rac8 37. Be1 Rc1 38. Bd2 Rxb1+ 39. Kxb1 Nc5 40. Kb2 Ne4 41. Be1 Rc4 42. Nf3 h5 0-1

[Event "Pan American-ch U20"]
[Site "Sao Paulo"]
[Date "2012.07.02"]
[Round "6"]
[White "Vizzotto, Bernardo"]
[Black "Zarate, Fernandoh"]
[Result "1-0"]
[WhiteElo "1995"]
[BlackElo "1768"]
[PlyCount "83"]
[EventDate "2012.06.29"]
[EventType "swiss"]
[EventRounds "9"]
[EventCountry "BRA"]
[SourceTitle "CBM 149 Extra"]
[Source "ChessBase"]
[SourceDate "2012.08.24"]
[SourceVersion "1"]
[SourceVersionDate "2012.08.24"]
[SourceQuality "1"]

1. d4 Nf6 2. c4 g6 3. Nc3 d5 4. Bf4 Bg7 5. e3 0-0 6. Rc1 dxc4 7. Bxc4 c5 8. d5 Qa5 9. Nge2 Bd7 10. 0-0 b5 11. Bd3 c4 12. Bb1 Na6 13. d6 exd6 14. Qxd6 Rad8 15. Bg5 Be6 16. Qf4 b4 17. Bxf6 Bxf6 18. Qxf6 bxc3 19. Nxc3 Rb8 20. Rfd1 Qb4 21. Rd2 Nc5 22. Rcd1 Na4 23. Nxa4 Qxa4 24. h4 Qa5 25. Be4 Rb6 26. Qe7 Bg4 27. Rd8 Rxd8 28. Rxd8+ Kg7 29. Qf8+ Kf6 30. Qh8+ Ke7 31. Re8+ Kd7 32. Rd8+ Ke7 33. Qe8+ Kf6 34. Qh8+ Ke6 35. Bd5+ Kf5 36. e4+ Kf4 37. g3+ Kf3 38. e5+ Ke2 39. Bxc4+ Ke1 40. e6 fxe6 41. Qd4 Rxb2 42. Qe3+ 1-0

[Event "Pan American-ch U20"]
[Site "Sao Paulo"]
[Date "2012.07.01"]
[Round "4"]
[White "Vizzotto, Bernardo"]
[Black "Awoki, Daniel Teidi"]
[Result "1-0"]
[WhiteElo "1995"]
[BlackElo "1900"]
[PlyCount "79"]
[EventDate "2012.06.29"]
[EventType "swiss"]
[EventRounds "9"]
[EventCountry "BRA"]
[SourceTitle "CBM 149 Extra"]
[Source "ChessBase"]
[SourceDate "2012.08.24"]
[SourceVersion "1"]
[SourceVersionDate "2012.08.24"]
[SourceQuality "1"]

1. e4 c5 2. Nf3 d6 3. Bb5+ Bd7 4. a4 Nf6 5. 0-0 e6 6. Re1 Be7 7. e5 dxe5 8. Nxe5 a6 9. Bf1 Nc6 10. Nc4 0-0 11. a5 Nd5 12. Nc3 Nd4 13. Nxd5 exd5 14. Nb6 Bf5 15. d3 Rb8 16. c3 Nc6 17. Qh5 g6 18. Qf3 d4 19. Bh6 Re8 20. Bf4 Nxa5 21. Bxb8 Qxb6 22. Qg3 Nb3 23. Rad1 Be6 24. Be5 a5 25. Be2 a4 26. Bg4 Bxg4 27. Qxg4 f6 28. Qd7 Kf7 29. Qd5+ Kg7 30. Bd6 Qd8 31. Re6 b5 32. Qb7 a3 33. Rde1 a2 34. Rxe7+ Rxe7 35. Rxe7+ Qxe7 36. Qxe7+ Kh6 37. Bf4+ Kh5 38. Qe2+ Kh4 39. h3 f5 40. Kh2 1-0

[Event "BRA-ch U16"]
[Site "Sao Paulo"]
[Date "2012.04.28"]
[Round "1"]
[White "Vizzotto, Bernardo"]
[Black "Yoshioka, Andre"]
[Result "1-0"]
[WhiteElo "2010"]
[BlackElo "1872"]
[PlyCount "65"]
[EventDate "2012.04.28"]
[EventType "swiss"]
[EventRounds "7"]
[EventCountry "BRA"]
[SourceTitle "CBM 148 Extra"]
[Source "ChessBase"]
[SourceDate "2012.06.22"]
[SourceVersion "1"]
[SourceVersionDate "2012.06.22"]
[SourceQuality "1"]

1. d4 d5 2. c4 Bf5 3. Nc3 e6 4. Bf4 Nf6 5. e3 c6 6. Qb3 Qb6 7. c5 Qxb3 8. axb3 Nbd7 9. b4 Be7 10. b5 0-0 11. bxc6 bxc6 12. Ba6 e5 13. dxe5 Ne4 14. Nxe4 Bxe4 15. f3 Bf5 16. b4 Be6 17. Bb7 Rab8 18. Bxc6 Rxb4 19. Bxd7 Bxd7 20. Rxa7 Rb1+ 21. Kf2 Rb2+ 22. Ne2 Bb5 23. Rxe7 Rxe2+ 24. Kg3 Rc8 25. Rb1 Rxc5 26. Rxb5 Rc8 27. Rbb7 h6 28. e6 g5 29. exf7+ Kf8 30. Bd6 Kg7 31. f8Q+ Kxf8 32. Rh7+ Kg8 33. Rbg7# 1-0

[Event "Osasco op"]
[Site "Osasco"]
[Date "2012.04.21"]
[Round "3"]
[White "Sega, Carlos Alberto"]
[Black "Vizzotto, Bernardo"]
[Result "1-0"]
[WhiteElo "2276"]
[BlackElo "2010"]
[PlyCount "81"]
[EventDate "2012.04.20"]
[EventType "swiss"]
[EventRounds "6"]
[EventCountry "BRA"]
[SourceTitle "CBM 148 Extra"]
[Source "ChessBase"]
[SourceDate "2012.06.22"]
[SourceVersion "1"]
[SourceVersionDate "2012.06.22"]
[SourceQuality "1"]

1. c4 g6 2. Nc3 Bg7 3. g3 e5 4. Bg2 d6 5. d3 f5 6. e4 Nf6 7. Nge2 0-0 8. 0-0 c6 9. h3 Be6 10. exf5 gxf5 11. Bg5 Nbd7 12. Qd2 a5 13. b3 Qe8 14. d4 f4 15. gxf4 e4 16. d5 cxd5 17. cxd5 Bf5 18. Ng3 Qg6 19. Rae1 Rae8 20. Nb5 e3 21. fxe3 Bd3 22. Nxd6 Bxf1 23. Nxe8 Bxg2 24. Nxf6+ Bxf6 25. Qxg2 Bxg5 26. fxg5 Ne5 27. Rf1 Rxf1+ 28. Nxf1 Qf5 29. Nd2 Qc2 30. Nc4 Qd1+ 31. Kf2 Nd3+ 32. Kg3 Qe1+ 33. Kh2 b5 34. d6 Nc5 35. Ne5 Kg7 36. g6 h5 37. Qb2 Kg8 38. d7 Nxd7 39. Nxd7 Qxe3 40. Nf6+ Kf8 41. g7+ 1-0

[Event "BRA-ch U25"]
[Site "Sao Paulo"]
[Date "2012.02.20"]
[Round "5"]
[White "Abdalla, Jose Lucas Aurelli"]
[Black "Vizzotto, Bernardo"]
[Result "1-0"]
[WhiteElo "2050"]
[BlackElo "1991"]
[PlyCount "75"]
[EventDate "2012.02.18"]
[EventType "swiss"]
[EventRounds "7"]
[EventCountry "BRA"]
[SourceTitle "CBM 147 Extra"]
[Source "ChessBase"]
[SourceDate "2012.04.24"]
[SourceVersion "1"]
[SourceVersionDate "2012.04.24"]
[SourceQuality "1"]

1. e4 c5 2. Nf3 e6 3. d3 d5 4. Nbd2 Nc6 5. g3 Nge7 6. Bg2 g6 7. 0-0 Bg7 8. Re1 h6 9. h4 b6 10. Nf1 a5 11. e5 Qc7 12. Bf4 Ba6 13. c3 b5 14. N1h2 h5 15. d4 cxd4 16. cxd4 Qb6 17. Be3 Nf5 18. Bh3 Nxe3 19. fxe3 b4 20. Ng5 b3 21. a3 Ne7 22. Rc1 Nf5 23. Nhf3 Bh6 24. Rc3 Bxg5 25. Nxg5 Bc4 26. Kh2 Ke7 27. Qf3 Rac8 28. Rec1 a4 29. Qf4 Ba6 30. e4 dxe4 31. Nxe4 Rxc3 32. Rxc3 Qxd4 33. Qg5+ Ke8 34. Bxf5 gxf5 35. Rc7 Qxb2+ 36. Nd2 Qxa3 37. Ra7 Bc8 38. Nc4 1-0

[Event "Sao Paulo Hebraica 12th"]
[Site "Sao Paulo"]
[Date "2012.01.15"]
[Round "9.1"]
[White "Vizzotto, Bernardo"]
[Black "Roverso, Leandro"]
[Result "1-0"]
[WhiteElo "1991"]
[BlackElo "1913"]
[PlyCount "49"]
[EventDate "2012.01.09"]
[EventType "tourn"]
[EventRounds "9"]
[EventCountry "BRA"]
[SourceTitle "EXT 2022"]
[Source "ChessBase"]
[SourceDate "2021.10.06"]
[SourceVersion "1"]
[SourceVersionDate "2021.10.06"]
[SourceQuality "1"]

1. d4 Nf6 2. c4 c5 3. d5 e6 4. Nc3 exd5 5. cxd5 d6 6. Nf3 g6 7. Bf4 Bg7 8. h3 0-0 9. e3 Na6 10. Bxa6 bxa6 11. Nd2 Rb8 12. Nc4 Ne8 13. Rc1 f5 14. 0-0 a5 15. Qa4 Rb4 16. Qxa5 Qxa5 17. Nxa5 Rxb2 18. Nc4 Bxc3 19. Rxc3 Rxa2 20. Nxd6 Nxd6 21. Bxd6 Rd8 22. Rxc5 Ba6 23. Bc7 Rd7 24. Rb1 f4 25. Bxf4 1-0

[Event "Sao Paulo Hebraica 12th"]
[Site "Sao Paulo"]
[Date "2012.01.10"]
[Round "2.2"]
[White "Fakhouri Filho, Jorge"]
[Black "Vizzotto, Bernardo"]
[Result "0-1"]
[WhiteElo "2011"]
[BlackElo "1991"]
[PlyCount "41"]
[EventDate "2012.01.09"]
[EventType "tourn"]
[EventRounds "9"]
[EventCountry "BRA"]
[SourceTitle "EXT 2022"]
[Source "ChessBase"]
[SourceDate "2021.10.06"]
[SourceVersion "1"]
[SourceVersionDate "2021.10.06"]
[SourceQuality "1"]

1. d4 Nf6 2. Nf3 g6 3. c4 Bg7 4. Nc3 d5 5. Bf4 0-0 6. h3 c5 7. e3 cxd4 8. exd4 Nc6 9. Be2 dxc4 10. Bxc4 Nh5 11. Be3 Qc7 12. 0-0 e6 13. Rc1 Nxd4 14. Nxd4 Qxc4 15. Ncb5 Qxa2 16. Ra1 Qxb2 17. Qa4 Bd7 18. Rab1 Bxb5 19. Nxb5 Qf6 20. g4 Qh4 21. gxh5 0-1

[Event "Santos Paulista-ch"]
[Site "Santos"]
[Date "2011.12.03"]
[Round "3"]
[White "Santiago, Yago de Moura"]
[Black "Vizzotto, Bernardo"]
[Result "1-0"]
[WhiteElo "2335"]
[BlackElo "2009"]
[PlyCount "61"]
[EventDate "2011.12.02"]
[EventType "swiss"]
[EventRounds "6"]
[EventCountry "BRA"]
[SourceTitle "CBM 146 Extra"]
[Source "ChessBase"]
[SourceDate "2012.02.29"]
[SourceVersion "1"]
[SourceVersionDate "2012.02.29"]
[SourceQuality "1"]

1. e4 e6 2. d4 d5 3. Nc3 dxe4 4. Nxe4 Bd7 5. Nf3 Bc6 6. Bd3 Bxe4 7. Bxe4 c6 8. Qe2 Nf6 9. Bd3 Be7 10. Bd2 Nbd7 11. 0-0-0 0-0 12. g4 Qc7 13. g5 Nd5 14. Qe4 g6 15. c4 Nb4 16. Bxb4 Bxb4 17. h4 Rfe8 18. h5 Bf8 19. Rh3 Bg7 20. hxg6 hxg6 21. Rdh1 Nf8 22. Ne5 Qe7 23. f4 Rad8 24. R1h2 f6 25. Nxg6 Qf7 26. Rh8+ Bxh8 27. Rxh8+ Kg7 28. gxf6+ Qxf6 29. Nxf8 Kf7 30. Qh7+ Qg7 31. Bg6+ 1-0

[Event "Santos Paulista-ch"]
[Site "Santos"]
[Date "2011.12.02"]
[Round "2"]
[White "Vizzotto, Bernardo"]
[Black "De Paula, Luciano Alves"]
[Result "1-0"]
[WhiteElo "2009"]
[BlackElo "1787"]
[PlyCount "120"]
[EventDate "2011.12.02"]
[EventType "swiss"]
[EventRounds "6"]
[EventCountry "BRA"]
[SourceTitle "CBM 146 Extra"]
[Source "ChessBase"]
[SourceDate "2012.02.29"]
[SourceVersion "1"]
[SourceVersionDate "2012.02.29"]
[SourceQuality "1"]

1. d4 d5 2. c4 c6 3. Nc3 Nf6 4. cxd5 cxd5 5. Bf4 e6 6. e3 Be7 7. Bd3 0-0 8. Nf3 b6 9. Rc1 Ba6 10. Ne5 Bxd3 11. Qxd3 a6 12. 0-0 Nh5 13. Ne2 Bd6 14. Bg3 Nxg3 15. Nxg3 Bxe5 16. dxe5 Nd7 17. Qd4 Rc8 18. f4 b5 19. Qa7 Qb6 20. Qxb6 Nxb6 21. b3 f6 22. exf6 gxf6 23. Ne2 Kf7 24. Nd4 Ke7 25. f5 e5 26. Ne6 Rxc1 27. Rxc1 Rc8 28. Rxc8 Nxc8 29. Nc7 d4 30. Kf2 dxe3+ 31. Kxe3 Nd6 32. g4 a5 33. a4 bxa4 34. bxa4 Nc4+ 35. Ke4 Nb2 36. Nd5+ Kf7 37. Nc3 Ke7 38. Kd5 Nd3 39. Ne4 Nb2 40. Nc3 Nd3 41. Ne4 Nb2 42. Nc5 Nd1 43. Kc6 Nf2 44. Kb5 e4 45. Ne6 e3 46. Nd4 Nxg4 47. Kxa5 Ne5 48. Kb5 Kd6 49. a5 Nc6 50. Ne2 Kc7 51. a6 Na7+ 52. Kc5 Nc8 53. Kd5 Kb6 54. Ke6 Kxa6 55. Kxf6 Kb5 56. Ke6 Kc5 57. f6 Nd6 58. h4 Ne8 59. f7 Nc7+ 60. Ke5 Kc4 1-0

[Event "Sao Paulo Escola Politecnica 1st"]
[Site "Sao Paulo"]
[Date "2011.10.22"]
[Round "9.3"]
[White "Vizzotto, Bernardo"]
[Black "Devescovi Parreira, Pedro Paulo"]
[Result "0-1"]
[WhiteElo "2009"]
[BlackElo "1951"]
[PlyCount "64"]
[EventDate "2011.10.14"]
[EventType "tourn"]
[EventRounds "11"]
[EventCountry "BRA"]
[SourceTitle "EXT 2022"]
[Source "ChessBase"]
[SourceDate "2021.10.06"]
[SourceVersion "1"]
[SourceVersionDate "2021.10.06"]
[SourceQuality "1"]

1. e4 c5 2. Nf3 Nc6 3. Bb5 g6 4. 0-0 Bg7 5. c3 Qb6 6. Bc4 e6 7. Re1 Nge7 8. e5 0-0 9. d3 f6 10. exf6 Bxf6 11. Bb3 Nf5 12. Nbd2 d5 13. g4 Nh4 14. g5 Nxf3+ 15. Nxf3 Be7 16. Ba4 Qc7 17. Qe2 Rf5 18. h4 Bd6 19. d4 Bd7 20. Bc2 Rf7 21. Ne5 Bxe5 22. dxe5 Raf8 23. f4 Ne7 24. Be3 d4 25. cxd4 cxd4 26. Bf2 Rxf4 27. Bg3 Rf3 28. Kh2 Bb5 29. Qd2 Nf5 30. Bxf5 R8xf5 31. a4 Rd3 32. Qb4 Qc2+ 0-1

[Event "Sao Paulo Escola Politecnica 1st"]
[Site "Sao Paulo"]
[Date "2011.10.21"]
[Round "7.4"]
[White "Vizzotto, Bernardo"]
[Black "Cirilo, Guilherme de Araujo"]
[Result "0-1"]
[WhiteElo "2009"]
[BlackElo "1933"]
[PlyCount "74"]
[EventDate "2011.10.14"]
[EventType "tourn"]
[EventRounds "11"]
[EventCountry "BRA"]
[SourceTitle "EXT 2022"]
[Source "ChessBase"]
[SourceDate "2021.10.06"]
[SourceVersion "1"]
[SourceVersionDate "2021.10.06"]
[SourceQuality "1"]

1. d4 d5 2. c4 e6 3. cxd5 exd5 4. Nc3 c6 5. Nf3 Bd6 6. Bg5 f6 7. Bh4 Ne7 8. e3 Bf5 9. Bd3 Nd7 10. Bg3 Nb6 11. 0-0 0-0 12. Rb1 Nbc8 13. Bh4 Bxd3 14. Qxd3 Qd7 15. Rfe1 Nf5 16. e4 dxe4 17. Qxe4 Nb6 18. d5 cxd5 19. Nxd5 Bxh2+ 20. Kxh2 Qxd5 21. Qg4 Nh6 22. Qf4 g5 23. Qg3 Nf5 24. Qg4 Ng7 25. Rbd1 Qf5 26. Qb4 gxh4 27. Nxh4 Qxf2 28. Rd3 Rac8 29. Re4 Rc1 30. Rg4 Qg1+ 31. Kg3 Qe1+ 32. Qxe1 Rxe1 33. Nf5 Re5 34. Nxg7 Kf7 35. Kf4 Rg8 36. Rdg3 Nd5+ 37. Kf3 Re3+ 0-1

[Event "Sao Paulo Escola Politecnica 1st"]
[Site "Sao Paulo"]
[Date "2011.10.16"]
[Round "4.2"]
[White "Raimundo, Airton Carlos Nunes"]
[Black "Vizzotto, Bernardo"]
[Result "1-0"]
[WhiteElo "2057"]
[BlackElo "2009"]
[PlyCount "131"]
[EventDate "2011.10.14"]
[EventType "tourn"]
[EventRounds "11"]
[EventCountry "BRA"]
[SourceTitle "EXT 2022"]
[Source "ChessBase"]
[SourceDate "2021.10.06"]
[SourceVersion "1"]
[SourceVersionDate "2021.10.06"]
[SourceQuality "1"]

1. d4 Nf6 2. c4 g6 3. Nc3 d5 4. cxd5 Nxd5 5. e4 Nxc3 6. bxc3 Bg7 7. Bc4 c5 8. Ne2 Nc6 9. Be3 0-0 10. 0-0 Bg4 11. f3 cxd4 12. cxd4 Na5 13. Rc1 Nxc4 14. Rxc4 Bd7 15. Qb3 a6 16. d5 Bb5 17. Rc2 Qd7 18. Qa3 Rfc8 19. Rfc1 Bxe2 20. Rxe2 Rxc1+ 21. Qxc1 Rc8 22. Rc2 Rxc2 23. Qxc2 Be5 24. f4 Qc7 25. Qxc7 Bxc7 26. e5 Kf8 27. Kf2 Ke8 28. Kf3 Kd7 29. Ke4 e6 30. g4 Bd8 31. f5 Be7 32. Bf2 g5 33. dxe6+ fxe6 34. f6 Bf8 35. h4 gxh4 36. Bxh4 Ke8 37. Bg5 Kf7 38. Kd3 b5 39. Bd2 Ba3 40. Kc3 Kg6 41. Kb3 Bc5 42. Bb4 Bd4 43. Bc3 Bc5 44. a4 Kf7 45. axb5 axb5 46. Bb4 Be3 47. Ba3 Bd4 48. Bd6 Be3 49. Kb4 Bg5 50. Kxb5 Bxf6 51. exf6 Kxf6 52. Bf4 Kg6 53. g5 Kf5 54. Bc1 Ke4 55. Kc5 Ke5 56. Kc6 Kf5 57. Kd6 e5 58. Kd5 e4 59. Be3 Kg6 60. Kxe4 Kg7 61. Kf5 Kf7 62. Bd4 Ke7 63. Bg7 Kf7 64. Bf6 Ke8 65. Kg4 Kf7 66. Kh5 1-0

[Event "Sao Paulo Braga op"]
[Site "Sao Paulo"]
[Date "2011.04.23"]
[Round "6"]
[White "Medeiros, Thauane Ferreira"]
[Black "Vizzotto, Bernardo"]
[Result "0-1"]
[WhiteElo "1786"]
[BlackElo "2037"]
[PlyCount "121"]
[EventDate "2011.04.20"]
[EventType "swiss"]
[EventRounds "9"]
[EventCountry "BRA"]
[SourceTitle "CBM 141 Extra"]
[Source "ChessBase"]
[SourceDate "2011.05.03"]
[SourceVersion "1"]
[SourceVersionDate "2011.05.03"]
[SourceQuality "1"]

1. d4 Nf6 2. e3 c5 3. Nf3 d5 4. c3 cxd4 5. exd4 Bg4 6. Be2 Bxf3 7. Bxf3 Nc6 8. Bf4 e6 9. 0-0 Bd6 10. Bg5 0-0 11. Re1 Rc8 12. Nd2 Be7 13. Rc1 Na5 14. Be2 Nd7 15. Bxe7 Qxe7 16. Qa4 Qd8 17. Nb3 Nc6 18. Qb5 Qc7 19. Qd3 Na5 20. Nxa5 Qxa5 21. Qb5 Qxb5 22. Bxb5 Nf6 23. Bd3 g6 24. f3 Ne8 25. Re2 Nd6 26. Rec2 b5 27. a4 a6 28. a5 Rc6 29. b4 Rfc8 30. Kf2 f6 31. f4 f5 32. g3 Kf7 33. Ke3 Kf6 34. h4 Ne4 35. Bxe4 fxe4 36. g4 Rh8 37. Kd2 h5 38. g5+ Kf5 39. Ke3 Rhc8 40. Kd2 Kg4 41. Ke3 Kxh4 42. f5 Kxg5 43. Rg1+ Kf6 44. fxe6 Rxc3+ 45. Rxc3 Rxc3+ 46. Kd2 Rc7 47. Ke3 Re7 48. Rf1+ Kg7 49. Kf4 Rxe6 50. Ke3 Rf6 51. Rc1 h4 52. Rc7+ Rf7 53. Rc3 h3 54. Rc1 h2 55. Rh1 Rf3+ 56. Ke2 Rh3 57. Kf2 Kf6 58. Kg2 Rh8 59. Rf1+ Kg5 60. Kh1 Rh3 61. Re1 0-1